000 00679pam a2200241 a 4500
005 20260322212026.0
008 data
010 _a 97007900
020 _a0764800906
020 _a9780764800900
040 _aDLC
_cDLC
_dDLC
050 0 0 _aBL72
_b.H69 1997
082 0 0 _a291.4/2
_221
092 _a291.4 H69 1997
245 0 0 _aHow can I find God? :
_bthe famous and the not-so-famous consider the quintessential question /
_cedited by James Martin.
250 _a1st ed.
260 _aLiguori, Mo. :
_bTriumph Books,
_cc1997.
300 _axv, 204 p. ;
_c21 cm.
650 0 _aSpiritual biography.
650 0 _aDesire for God.
700 1 _aMartin, James,
_cS.J.
001 data
999 _c591
_d591